| Tag |
First Indicator |
Second Indicator |
Subfields |
| LEADER |
00000cam a2200000Ii 4500 |
| 001 |
in00004052425 |
| 005 |
20190718162535.0 |
| 008 |
180527s2019 enk b 001 0 eng d |
| 020 |
|
|
|a 1350033464
|q hardcover
|
| 020 |
|
|
|a 9781350033467
|q hardcover
|
| 020 |
|
|
|a 9781350033450
|q paperback
|
| 020 |
|
|
|a 1350033456
|q paperback
|
| 035 |
|
|
|a (OCoLC)on1037809088
|
| 040 |
|
|
|a YDX
|e rda
|c YDX
|d OKR
|d BWK
|d UtOrBLW
|
| 049 |
|
|
|a TXAM
|
| 050 |
|
4 |
|a P118.2.M37
|b R48 2019
|
| 082 |
0 |
|
|a 428.0071
|2 23
|
| 100 |
1 |
|
|a Marr, Tim.
|0 http://id.loc.gov/authorities/names/n2014037349
|
| 245 |
1 |
0 |
|a Rethinking TESOL in diverse global settings :
|b the language and the teacher in a time of change /
|c / Tim Marr and Fiona English.
|
| 264 |
|
1 |
|a London ;
|a New York :
|b Bloomsbury Academic,
|c 2019.
|
| 300 |
|
|
|a xi, 260 pages ;
|c 24 cm.
|
| 336 |
|
|
|a text
|b txt
|2 rdacontent
|
| 337 |
|
|
|a unmediated
|b n
|2 rdamedia
|
| 338 |
|
|
|a volume
|b nc
|2 rdacarrier
|
| 504 |
|
|
|a Includes bibliographical references and index.
|
| 650 |
|
0 |
|a English language
|x Study and teaching
|x Foreign speakers.
|0 http://id.loc.gov/authorities/subjects/sh85043710
|
| 650 |
|
0 |
|a Second language acquisition
|x Study and teaching.
|
| 700 |
1 |
|
|a English, Fiona.
|
| 945 |
|
|
|b 949561
|
| 947 |
|
|
|a A14850741936
|
| 948 |
|
|
|a cataloged
|b h
|c 2019/3/22
|d c
|e dmitchel
|f 1:44:28 pm
|
| 994 |
|
|
|a 92
|b TXA
|
| 999 |
f |
f |
|s def52529-d9f8-3fec-9905-a4ace9802a95
|i 58d04935-3107-349f-92ff-d4d75d562d17
|t 0
|
| 952 |
f |
f |
|p normal
|a Texas A&M University
|b College Station
|c Sterling C. Evans Library
|d Evans: Library Stacks
|t 0
|e P118.2.M37 R48 2019
|h Library of Congress classification
|i unmediated -- volume
|m A14850741936
|
| 998 |
f |
f |
|a P118.2.M37 R48 2019
|t 0
|l Evans: Library Stacks
|